[Event "French Defense Practice "]
[Site "SchemingMind.com"]
[Date "2010.10.07"]
[Round "-"]
[White "PawnPusherPete"]
[Black "Ivancic"]
[Result "1-0"]
[WhiteCountry "ENG"]
[BlackCountry "AUS"]
[WhiteElo "2264"]
[WhiteRD "77"]
[BlackElo "1894"]
[BlackRD "68"]
[GameID "262750"]

1. e4 e6 2. d4 c5 3. d5 exd5 4. exd5 d6 5. Nf3 Ne7 6. Bb5+ Nd7 7. O-O g6 8. Re1 Bg7 9. Bg5 f6 10. Bf4 O-O
11. Bxd6 Ne5 12. Bxc5 Bg4 13. d6 Nf5 14. Qd5+ Kh8 15. Nxe5 fxe5 16. h3 Bh5 17. d7 Rf6 18. Rxe5
1-0

[Event "French Defense Practice "]
[Site "SchemingMind.com"]
[Date "2010.10.09"]
[Round "-"]
[White "echecs"]
[Black "Orhany24"]
[Result "0-1"]
[WhiteCountry "ENG"]
[BlackCountry "TUR"]
[WhiteElo "1828"]
[WhiteRD "59"]
[BlackElo "1778"]
[BlackRD "66"]
[GameID "262862"]

1. e4 e6 2. d4 d5 3. e5 f6 4. Nf3 c5 5. c3 cxd4 6. Qxd4 Nc6 7. Bb5 Bd7 8. Bxc6 bxc6 9. exf6 Nxf6 10. Ne5 Be7
11. Nxd7 Qxd7 12. Nd2 O-O 13. O-O Bd6 14. Nf3 c5 15. Qh4 h6 16. Re1 Rae8 17. a3 e5 18. b4 e4 19. Nd2 Ng4 20. h3 Nxf2
21. Nf1 Nd3 22. Re2 Qf5 23. Be3 Qe5 24. g4 d4 25. bxc5 Bxc5 26. cxd4 Bxd4 27. Rd1 Rf3 28. Kg2 Ref8 29. g5 Bxe3 30. Nxe3 Rf2+
31. Rxf2 Rxf2+ 32. Qxf2 Nxf2 33. Rd5 Qf4 34. g6 Qf3+ 35. Kg1 Qg3+ 36. Kf1 Qxh3+ 37. Ke2 Qf3+ 38. Kd2 Qf6 39. Rd8+ Qxd8+
0-1

[Event "French Defense Practice "]
[Site "SchemingMind.com"]
[Date "2010.10.08"]
[Round "-"]
[White "echecs"]
[Black "Louis Lima"]
[Result "1/2-1/2"]
[WhiteCountry "ENG"]
[BlackCountry "ESP"]
[WhiteElo "1806"]
[WhiteRD "59"]
[BlackElo "1911"]
[BlackRD "68"]
[GameID "262863"]

1. e4 e6 2. d4 d5 3. e5 c5 4. c3 Nc6 5. Nf3 Bd7 6. Bb5 Nxe5 7. Nxe5 Bxb5 8. a4 Ba6 9. Qh5 g6 10. Qf3 Qf6
11. Be3 Qxf3 12. Nxf3 b6 13. Nbd2 Nf6 14. Nb3 Nd7 15. a5 c4 16. Nc1 Bg7 17. O-O O-O 18. Rd1 Rfb8=
1/2-1/2

[Event "French Defense Practice "]
[Site "SchemingMind.com"]
[Date "2010.10.08"]
[Round "-"]
[White "echecs"]
[Black "keen"]
[Result "1-0"]
[WhiteCountry "ENG"]
[BlackCountry "SCO"]
[WhiteElo "1809"]
[WhiteRD "62"]
[BlackElo "1652"]
[BlackRD "59"]
[GameID "262864"]

1. e4 e6 2. d4 d5 3. e5 c5 4. c3 Nc6 5. Nf3 Bd7 6. Bd3 Qb6 7. O-O cxd4 8. cxd4 Nxd4 9. Nxd4 Qxd4 10. Nc3 Ne7
11. Nb5 Qxe5 12. Re1 Qb8 13. Qf3 a6 14. Bf4
1-0

[Event "French Defense Practice "]
[Site "SchemingMind.com"]
[Date "2010.10.08"]
[Round "-"]
[White "echecs"]
[Black "Ivancic"]
[Result "1-0"]
[WhiteCountry "ENG"]
[BlackCountry "AUS"]
[WhiteElo "1828"]
[WhiteRD "61"]
[BlackElo "1894"]
[BlackRD "68"]
[GameID "262865"]

1. e4 e6 2. d4 d5 3. e5 c5 4. c3 Nc6 5. Nf3 f6 6. Bb5 Bd7 7. O-O fxe5 8. Bxc6 Bxc6 9. Nxe5 Nf6 10. Bg5 Be7
11. Nd2 O-O 12. Ndf3 cxd4 13. Nxd4 Bd7 14. Re1 h6 15. Bh4 Ne4 16. Bxe7 Qxe7 17. f3 Ng5 18. Ng6 Qf6 19. Nxf8 Rxf8 20. Qb3 b6
21. Rad1
1-0

[Event "French Defense Practice "]
[Site "SchemingMind.com"]
[Date "2010.10.08"]
[Round "-"]
[White "echecs"]
[Black "Will Grummitt"]
[Result "0-1"]
[WhiteCountry "ENG"]
[BlackCountry "ENG"]
[WhiteElo "1828"]
[WhiteRD "61"]
[BlackElo "1709"]
[BlackRD "56"]
[GameID "262867"]

1. e4 e6 2. d4 d5 3. e5 c5 4. c3 Nc6 5. Nf3 Qb6 6. Bd3 cxd4 7. cxd4 Bd7 8. O-O Nxd4 9. Nxd4 Qxd4 10. Nc3 Qxe5
11. Re1 Qf6 12. Nxd5 Qd8 13. Bf4 Rc8 14. Rc1 Bc6 15. Bb5 Bd6 16. Bxd6 Qxd6 17. Nf6+ Ke7 18. Nd5+ Kd7 19. Bxc6+ Rxc6 20. Rxc6 bxc6
21. Nb4 Qxd1 22. Rxd1+ Kc7 23. Rc1 Ne7 24. g3 Rd8 25. Rc2 a5 26. Na6+ Kb6 27. Nc5 Nf5 28. Ne4 Nd4 29. Rc4 Nf3+ 30. Kg2 Nd2
31. Ra4 Nxe4 32. Rxe4 Rd2 33. b4 a4 34. a3 Rd3 35. Re3 Rxe3 36. fxe3 c5 37. bxc5+ Kxc5 38. Kf3 Kc4 39. Ke4 Kb3 40. Ke5 Kxa3
41. Kd6 Kb2 42. Ke7 a3 43. Kxf7 a2 44. Kxg7 a1=Q 45. Kxh7 Qe1 46. Kg6 Qxe3 47. Kf6 Qe2 48. h4 Qf3+
0-1

[Event "French Defense Practice "]
[Site "SchemingMind.com"]
[Date "2010.10.08"]
[Round "-"]
[White "echecs"]
[Black "PawnPusherPete"]
[Result "0-1"]
[WhiteCountry "ENG"]
[BlackCountry "ENG"]
[WhiteElo "1828"]
[WhiteRD "61"]
[BlackElo "2264"]
[BlackRD "77"]
[GameID "262868"]

1. e4 e6 2. d4 d5 3. e5 c5 4. c3 Nc6 5. Nf3 Qb6 6. Bd3 cxd4 7. cxd4 Bd7 8. O-O Nxd4 9. Nxd4 Qxd4 10. Nc3 a6
11. Re1 Ne7 12. Qf3 Ng6 13. Be3 Qxd3 14. Rad1 Qc4 15. Rd4 Qc7 16. Bf4 Bc5 17. Rdd1 Nxf4 18. Qxf4 O-O 19. Rc1 Qb6 20. Ne2 Rac8
21. b3 h6 22. Ng3 f6 23. Nh1 fxe5 24. Qxe5 Bxf2+ 25. Nxf2 Qxf2+
0-1

[Event "French Defense Practice "]
[Site "SchemingMind.com"]
[Date "2010.10.09"]
[Round "-"]
[White "Orhany24"]
[Black "echecs"]
[Result "1/2-1/2"]
[WhiteCountry "TUR"]
[BlackCountry "ENG"]
[WhiteElo "1770"]
[WhiteRD "66"]
[BlackElo "1806"]
[BlackRD "59"]
[GameID "262869"]

1. e4 e6 2. d4 d5 3. e5 c5 4. c3 Qb6 5. Nf3 Nc6 6. a3 Nge7 7. b4 cxd4 8. cxd4 Nf5 9. Bb2 a6 10. Be2 Bd7
11. O-O Rc8 12. Kh1 Be7 13. g4 Nh4 14. Nxh4 Bxh4 15. f4 Be7 16. Qd3 h6 17. Nd2 O-O 18. Rac1 f6 19. Nf3 f5 20. h3 fxg4
21. hxg4 Rxf4 22. Nh2 Rcf8 23. Rxf4 Rxf4 24. Rf1 Rxf1+ 25. Bxf1 Bg5 26. Nf3 Be7 27. Qg6 Qd8 28. Bd3 Bf8 29. Bc1 Ne7 30. Qh7+ Kf7
31. Bxh6 Bb5 32. Ng5+ Ke8 33. Bxb5+ axb5 34. Bxg7 Kd7 35. Bxf8 Qxf8 36. Qf7 Qh6+ 37. Qh5 Qf8 38. Kg2 Qf4 39. Nf3 Qe4 40. Kg3 b6
41. Qf7 Qe3 42. g5 Qe4 43. g6 Qxg6+ 44. Qxg6 Nxg6=
1/2-1/2

[Event "French Defense Practice "]
[Site "SchemingMind.com"]
[Date "2010.10.08"]
[Round "-"]
[White "Louis Lima"]
[Black "echecs"]
[Result "0-1"]
[WhiteCountry "ESP"]
[BlackCountry "ENG"]
[WhiteElo "1785"]
[WhiteRD "72"]
[BlackElo "1843"]
[BlackRD "62"]
[GameID "262870"]

1. e4 e6 2. d4 d5 3. Nc3 Nf6 4. e5 Nfd7 5. f4 c5 6. Nf3 Nc6 7. Be3 a6 8. Qd2 Be7 9. Be2 cxd4 10. Nxd4 O-O
11. O-O-O Bb4 12. h4 Nb6 13. a3 Be7 14. h5 h6 15. g4 Nc4 16. Bxc4 Nxd4 17. Qxd4 dxc4 18. Qxc4 Qe8 19. g5 Bd7 20. gxh6 g6
21. hxg6 fxg6 22. Rdg1 Kh7 23. Ne4 Rc8 24. Qe2 Bc6 25. Bd2 Ba4 26. c3 Bb3 27. Rh3 Qa4 28. Qd3 Rf5
0-1

[Event "French Defense Practice "]
[Site "SchemingMind.com"]
[Date "2010.10.08"]
[Round "-"]
[White "keen"]
[Black "echecs"]
[Result "0-1"]
[WhiteCountry "SCO"]
[BlackCountry "ENG"]
[WhiteElo "1652"]
[WhiteRD "59"]
[BlackElo "1809"]
[BlackRD "62"]
[GameID "262871"]

1. e4 e6 2. d4 d5 3. Nc3 Nf6 4. Bg5 Be7 5. e5 Nfd7 6. Bxe7 Qxe7 7. Bd3 a6 8. Qg4 g6 9. Nge2 c5 10. O-O c4
11. Nf4 cxd3 12. Nxd3 Nc6 13. a3 O-O 14. h4 h5 15. Qg3 Nxd4 16. Nf4 Nf5
0-1

[Event "French Defense Practice "]
[Site "SchemingMind.com"]
[Date "2010.10.08"]
[Round "-"]
[White "Ivancic"]
[Black "echecs"]
[Result "1-0"]
[WhiteCountry "AUS"]
[BlackCountry "ENG"]
[WhiteElo "1894"]
[WhiteRD "68"]
[BlackElo "1828"]
[BlackRD "61"]
[GameID "262872"]

1. e4 e6 2. d4 d5 3. exd5 exd5 4. c4 Nf6 5. Nc3 Bb4 6. Nf3 O-O 7. Be2 Be6 8. cxd5 Nxd5 9. Bd2 Nc6 10. O-O Bg4
11. h3 Bh5 12. Rc1 Nb6 13. a3 Be7 14. b4 a6 15. g4 Bg6 16. Be3 Nd5 17. Qb3 Nxe3 18. fxe3 Bg5 19. Nb1 Be4 20. Nbd2 Bd5
21. Bc4 Bxc4 22. Nxc4 Re8 23. Nce5 Nxe5 24. Nxe5 Rf8 25. Nxf7 Bxe3+ 26. Kh1 Qe7 27. Nd8+ Kh8 28. Rxf8+ Qxf8 29. Nf7+ Kg8 30. Rf1 Qe7
31. Ne5+ Kh8 32. Qxe3
1-0

[Event "French Defense Practice "]
[Site "SchemingMind.com"]
[Date "2010.10.09"]
[Round "-"]
[White "Will Grummitt"]
[Black "echecs"]
[Result "0-1"]
[WhiteCountry "ENG"]
[BlackCountry "ENG"]
[WhiteElo "1694"]
[WhiteRD "58"]
[BlackElo "1809"]
[BlackRD "62"]
[GameID "262874"]

1. e4 e6 2. d4 d5 3. Nd2 Nf6 4. e5 Nfd7 5. Ngf3 c5 6. c3 Nc6 7. Bb5 cxd4 8. cxd4 Qb6 9. Bxc6 bxc6 10. Qb3 Be7
11. Qxb6 axb6 12. Nb3 O-O 13. O-O c5 14. Be3 c4 15. Nbd2 b5 16. Rfc1 f6 17. exf6 Nxf6 18. Ne5 Nd7 19. Ndf3 Bd8 20. Nxd7 Bxd7
21. Ne5 Be8 22. a3 h6 23. Re1 Ba5 24. Re2 Rc8 25. Rc1 b4 26. axb4 Bxb4 27. Bd2 Bd6 28. Bf4 Rxf4 29. Rd2 Bb4 30. Rdd1 Ba4
31. Rf1 Rxd4 32. Nf3 Rf4 33. Rb1 Bc2 34. Rbc1 Bd3 35. Rfd1 Rcf8 36. b3 Be2
0-1

[Event "French Defense Practice "]
[Site "SchemingMind.com"]
[Date "2010.10.08"]
[Round "-"]
[White "PawnPusherPete"]
[Black "echecs"]
[Result "1-0"]
[WhiteCountry "ENG"]
[BlackCountry "ENG"]
[WhiteElo "2264"]
[WhiteRD "77"]
[BlackElo "1828"]
[BlackRD "61"]
[GameID "262875"]

1. e4 e6 2. d4 d5 3. Nc3 Nf6 4. Bg5 Be7 5. e5 Nfd7 6. Bxe7 Qxe7 7. Nb5 Nb6 8. c3 a6 9. Na3 Nc6 10. f4 Bd7
11. Nf3 h6 12. Bd3 O-O-O 13. Nc2 f6 14. Qe2 Na5 15. b3 g5 16. Bxa6 gxf4 17. O-O Rdg8 18. Bd3 f5 19. c4 dxc4 20. bxc4 Rg4
21. Kh1 Rhg8 22. Rf2 h5 23. a3 h4 24. Nb4 Nb3 25. Rb1 Na5 26. c5 Nd5 27. Nxd5 exd5 28. Qb2 Kd8 29. Qb4 Nc6 30. Qxb7 Ke8
31. Qxc7 h3 32. e6 hxg2+ 33. Kg1 Bxe6 34. Qxc6+ Kf8 35. Rb8+ Kf7 36. Rb7 Rc8 37. Rxe7+ Kxe7 38. Qd6+ Kf6 39. Re2 Re8 40. Rxe6+ Rxe6
41. Qf8+
1-0

[Event "French Defense Practice "]
[Site "SchemingMind.com"]
[Date "2010.10.09"]
[Round "-"]
[White "faulty"]
[Black "Orhany24"]
[Result "1-0"]
[WhiteCountry "USA"]
[BlackCountry "TUR"]
[WhiteElo "1841"]
[WhiteRD "72"]
[BlackElo "1729"]
[BlackRD "70"]
[GameID "262926"]

1. e4 e6 2. d4 d5 3. Nd2 dxe4 4. Nxe4 Nf6 5. Bg5 Be7 6. Nxf6+ Bxf6 7. Bxf6 Qxf6 8. Nf3 O-O 9. Bd3 b6 10. Be4 c6
11. O-O Bb7 12. Ne5 Rc8 13. f4 Qe7 14. Qh5 g6 15. Qh6 Nd7 16. c3 Nf6 17. Bf3 Qf8 18. Qg5 Qg7 19. g4 h6 20. Qh4 Rc7
21. g5 hxg5 22. fxg5 Nd5 23. Bxd5 cxd5 24. Rf6 Ba6 25. Re1 Bc8 26. Qf4 a5 27. Ng4 Raa7 28. Re3
1-0

[Event "French Defense Practice "]
[Site "SchemingMind.com"]
[Date "2010.10.08"]
[Round "-"]
[White "faulty"]
[Black "Louis Lima"]
[Result "1-0"]
[WhiteCountry "USA"]
[BlackCountry "ESP"]
[WhiteElo "1854"]
[WhiteRD "76"]
[BlackElo "1911"]
[BlackRD "68"]
[GameID "262927"]

1. e4 e6 2. Nc3 d5 3. Nf3 Nf6 4. exd5 exd5 5. d4 Bd6 6. Bg5 c6 7. Be2 O-O 8. O-O Bf5 9. h3 Nbd7 10. a3 Qc7
11. Bd3 Bxd3 12. Qxd3 Rfe8 13. Rfe1 h6 14. Bd2 Qb6 15. b4 Qc7 16. Qf5 g6 17. Qd3 Bf4 18. Bxf4 Qxf4 19. Ne2 Qe4 20. Qd2 g5
21. Ng3 Qg6 22. Rxe8+ Rxe8 23. Re1 Rxe1+ 24. Nxe1 Ne4 25. Nxe4 Qxe4 26. f3 Qe7 27. Nd3 Nb6= 28. Ne5 Nd7 29. Ng4 Kg7 30. Ne3
1-0

[Event "French Defense Practice "]
[Site "SchemingMind.com"]
[Date "2010.10.08"]
[Round "-"]
[White "faulty"]
[Black "keen"]
[Result "1-0"]
[WhiteCountry "USA"]
[BlackCountry "SCO"]
[WhiteElo "1817"]
[WhiteRD "74"]
[BlackElo "1652"]
[BlackRD "59"]
[GameID "262929"]

1. e4 e6 2. c4 c5 3. Nc3 g6 4. Nf3 Bg7 5. Be2 Nc6 6. O-O Nf6 7. d4 cxd4 8. Nxd4 O-O 9. Be3 a6 10. Nb3 Qc7
11. Bc5 Re8 12. Bd6 Qd8 13. e5 Nh5 14. Bxh5 gxh5 15. Qxh5 b6 16. Ne4 Ne7 17. Ng5 b5 18. Qxh7+ Kf8 19. Qh5 Kg8 20. Nxf7 Qb6
21. Nh6+ Bxh6 22. Qxe8+
1-0

[Event "French Defense Practice "]
[Site "SchemingMind.com"]
[Date "2010.10.08"]
[Round "-"]
[White "faulty"]
[Black "Ivancic"]
[Result "1-0"]
[WhiteCountry "USA"]
[BlackCountry "AUS"]
[WhiteElo "1841"]
[WhiteRD "72"]
[BlackElo "1894"]
[BlackRD "68"]
[GameID "262930"]

1. e4 e6 2. d3 c5 3. Nf3 Nc6 4. g3 d5 5. Nbd2 Bd6 6. Bg2 Nge7 7. O-O O-O 8. c3 f5 9. exd5 exd5 10. Nb3 b6
11. Bg5 h6 12. Bxe7 Qxe7 13. Re1 Qf6 14. d4 c4 15. Nbd2 f4 16. Ne5 fxg3 17. fxg3 Ne7 18. Rf1 Qg5 19. Rxf8+ Kxf8 20. Qf3+ Kg8
21. Ndxc4 dxc4 22. Qxa8 Bxe5 23. dxe5 Qxe5 24. Rf1
1-0

[Event "French Defense Practice "]
[Site "SchemingMind.com"]
[Date "2010.10.08"]
[Round "-"]
[White "faulty"]
[Black "echecs"]
[Result "1-0"]
[WhiteCountry "USA"]
[BlackCountry "ENG"]
[WhiteElo "1853"]
[WhiteRD "73"]
[BlackElo "1828"]
[BlackRD "59"]
[GameID "262931"]

1. e4 e6 2. f4 d5 3. Nc3 Nf6 4. e5 Nfd7 5. Nf3 Be7 6. d4 c5 7. Be3 cxd4 8. Nxd4 Bc5 9. Qd2 Qb6 10. Na4 Qb4
11. Qxb4 Bxb4+ 12. c3 Ba5 13. Nb5 Nc6 14. b4 Bd8 15. Nd6+ Ke7 16. Nc5 Bc7 17. Nxc8+ Rhxc8 18. Nxb7 Kf8 19. Ba6 Rcb8 20. Kf2 Bb6
21. Rhd1 Kg8 22. a4 Bxe3+ 23. Kxe3 Nb6 24. Nd6 Nd8 25. a5 Nd7 26. Bb5 Nf8 27. Ba6 Ng6 28. Nb5 Nh4 29. g3 Nf5+ 30. Kf3 Nc6
31. Nc7 Nd8 32. Nxa8 Rxa8 33. b5 Rb8 34. Rab1 f6 35. b6 axb6 36. axb6 Nb7 37. Bxb7 Rxb7 38. Rd2 fxe5 39. fxe5 g6 40. Ra2 h5
41. Ra7
1-0

[Event "French Defense Practice "]
[Site "SchemingMind.com"]
[Date "2010.10.08"]
[Round "-"]
[White "faulty"]
[Black "Will Grummitt"]
[Result "1-0"]
[WhiteCountry "USA"]
[BlackCountry "ENG"]
[WhiteElo "1841"]
[WhiteRD "72"]
[BlackElo "1709"]
[BlackRD "56"]
[GameID "262933"]

1. e4 e6 2. b3 Nc6 3. Bb2 e5 4. Nf3 d6 5. d3 Nf6 6. Nbd2 Be6 7. Be2 Be7 8. O-O O-O 9. c4 Bg4 10. h3 Bh5
11. a3 Nd7 12. Nh2 Bxe2 13. Qxe2 Nf6 14. b4 a6 15. Nb3 Qd7 16. d4 exd4 17. Rad1 Qe6 18. Nxd4 Nxd4 19. Bxd4 Qxe4 20. Qxe4 Nxe4
21. Rfe1 Nxf2 22. Kxf2 Bh4+ 23. g3 Bg5 24. Nf3 f6 25. Re7 Rf7 26. Rde1 Kf8 27. Rxf7+ Kxf7 28. Nxg5+ fxg5 29. c5 dxc5 30. Bxc5 Kf6
31. Be7+ Kf5 32. g4+ Kf4 33. Rc1 c6 34. Rc4+ Ke5 35. Bxg5 Rf8+ 36. Kg3 h6 37. Be3 g5 38. Kg2 Rf6 39. Bd4+ Kd5 40. Bxf6 Kxc4
41. Bg7 Kb3 42. Bxh6 Kxa3 43. Bf8 Ka4 44. h4 gxh4 45. g5 a5 46. bxa5 Kxa5 47. g6 b5 48. g7 b4 49. g8=Q Ka4 50. Qg4 h3+
51. Kxh3
1-0

[Event "French Defense Practice "]
[Site "SchemingMind.com"]
[Date "2010.10.08"]
[Round "-"]
[White "faulty"]
[Black "PawnPusherPete"]
[Result "0-1"]
[WhiteCountry "USA"]
[BlackCountry "ENG"]
[WhiteElo "1841"]
[WhiteRD "72"]
[BlackElo "2264"]
[BlackRD "77"]
[GameID "262934"]

1. e4 e6 2. g3 d5 3. Nc3 d4 4. Nce2 e5 5. Bg2 c5 6. d3 Bd6 7. f4 f6 8. Nf3 Ne7 9. c3 Nbc6 10. f5 b5
11. a3 Qb6 12. b3 a5 13. Bd2 O-O 14. c4 a4 15. O-O Bc7 16. Qc2 Qa6 17. Rfb1 axb3 18. Rxb3 bxc4 19. dxc4 Qa4 20. Be1 Ba6
21. Rc1 Nc8 22. Qd3 Na5 23. Bxa5 Bxa5 24. Rb2 Nd6 25. Rbc2 Rfb8 26. Nd2 Bxd2
0-1

[Event "French Defense Practice "]
[Site "SchemingMind.com"]
[Date "2010.10.10"]
[Round "-"]
[White "Orhany24"]
[Black "faulty"]
[Result "1/2-1/2"]
[WhiteCountry "TUR"]
[BlackCountry "USA"]
[WhiteElo "1778"]
[WhiteRD "66"]
[BlackElo "1853"]
[BlackRD "73"]
[GameID "262935"]

1. e4 e6 2. d4 c6 3. c4 d6 4. Nc3 Nf6 5. Bd3 e5 6. d5 g6 7. Nge2 Bg7 8. O-O O-O 9. h3 Nbd7 10. Be3 c5
11. Qd2 Ne8 12. f4 f6 13. g4 a6 14. a4 b6 15. Kg2 Bb7 16. f5 g5 17. Rh1 h6 18. h4 Nc7 19. hxg5 hxg5 20. Rh5 Kf7
21. Rah1 Rh8 22. Ng3 Qe7 23. Kf3 Rxh5 24. Nxh5 Rh8 25. Rh3 Qf8 26. Qh2 Ne8 27. Ne2 Ke7 28. Neg3 Nc7 29. Nxg7 Rxh3 30. Qxh3 Qxg7
31. Nh5 Qh6 32. Kg3 Ne8 33. b3 a5 34. Be2 Nb8 35. Bd2 Na6 36. Kg2 Kf7 37. Ng3= Qxh3+ 38. Kxh3 Bc8 39. Bd3 Ng7 40. Kg2 Bd7
41. Kf3 Be8 42. Bc3=
1/2-1/2

[Event "French Defense Practice "]
[Site "SchemingMind.com"]
[Date "2010.10.08"]
[Round "-"]
[White "Louis Lima"]
[Black "faulty"]
[Result "1-0"]
[WhiteCountry "ESP"]
[BlackCountry "USA"]
[WhiteElo "1911"]
[WhiteRD "68"]
[BlackElo "1854"]
[BlackRD "76"]
[GameID "262936"]

1. e4 e6 2. d4 c5 3. Nf3 Nf6 4. e5 Nd5 5. c3 d6 6. dxc5 dxc5 7. Bd3 Nc6 8. O-O Be7 9. Qe2 a6 10. Rd1 Bd7
11. Be4 Nb6 12. Na3 Qc7 13. Bf4 h6 14. Nc2 O-O 15. a4 Rae8 16. a5 Nc8 17. Ne3 Bd8 18. Bc2 f5 19. exf6 Qxf4 20. Rxd7 Rxf6
21. Nd5
1-0

[Event "French Defense Practice "]
[Site "SchemingMind.com"]
[Date "2010.10.08"]
[Round "-"]
[White "keen"]
[Black "faulty"]
[Result "1/2-1/2"]
[WhiteCountry "SCO"]
[BlackCountry "USA"]
[WhiteElo "1675"]
[WhiteRD "60"]
[BlackElo "1841"]
[BlackRD "72"]
[GameID "262938"]

1. e4 e6 2. d4 d5 3. Nc3 Bb4 4. e5 c5 5. a3 Bxc3+ 6. bxc3 Ne7 7. Bd3 Nbc6 8. Qg4 Ng6 9. Nh3 c4 10. Be2 b5
11. O-O O-O 12. Nf4 Nxf4 13. Bxf4 f5 14. Qg3 Bd7 15. Bh6 Qe7 16. Bg5 Qf7 17. Bf6 Kh8 18. Bh5 Qg8 19. Bg5 Be8 20. Bxe8 Rfxe8
21. Rae1 h6 22. Bd2 g5 23. Qh3 Qg6 24. f3 Kg7 25. g3 Rh8 26. Qg2 Kh7 27. Kf2 Ne7 28. Rh1 Kg7 29. h4 gxh4 30. Rxh4 h5
31. Reh1 Kf7 32. Qh3 Rh7 33. Rxh5 Rxh5 34. Qxh5 Qxh5 35. Rxh5 Rg8 36. Rh7+ Rg7 37. Rh8 Rg8 38. Rh7+ Rg7 39. Rxg7+ Kxg7 40. Bg5 Ng6
41. Bf6+ Kh6 42. Ke3 Kh5 43. Kf2 Nf8 44. Ke3 Nh7 45. Be7 Kg6 46. Kf4 Kf7 47. Bd6 Kg6 48. g4 fxg4 49. Kxg4 Ng5 50. f4 Ne4
51. Bb4 Nf2+ 52. Kf3 Ne4 53. Kg4=
1/2-1/2

[Event "French Defense Practice "]
[Site "SchemingMind.com"]
[Date "2010.10.08"]
[Round "-"]
[White "Ivancic"]
[Black "faulty"]
[Result "1-0"]
[WhiteCountry "AUS"]
[BlackCountry "USA"]
[WhiteElo "1894"]
[WhiteRD "68"]
[BlackElo "1841"]
[BlackRD "72"]
[GameID "262939"]

1. e4 e6 2. d4 c6 3. Nf3 d5 4. e5 Nd7 5. Bd3 Ne7 6. Bg5 h6 7. Bh4 g6 8. Nbd2 Bg7 9. c3 Qb6 10. Qc2 Nf5
11. O-O-O Nxh4 12. Nxh4 Nf8 13. f4 Bd7 14. g4 O-O-O 15. f5 gxf5 16. gxf5 f6 17. Rhg1 Rg8 18. exf6
1-0

[Event "French Defense Practice "]
[Site "SchemingMind.com"]
[Date "2010.10.08"]
[Round "-"]
[White "echecs"]
[Black "faulty"]
[Result "0-1"]
[WhiteCountry "ENG"]
[BlackCountry "USA"]
[WhiteElo "1828"]
[WhiteRD "59"]
[BlackElo "1853"]
[BlackRD "73"]
[GameID "262940"]

1. e4 e6 2. d4 d6 3. Nc3 Nf6 4. Nf3 Be7 5. Bd3 Nbd7 6. Be3 e5 7. Bc4 O-O 8. O-O c6 9. Be2 Ng4 10. Bd2 c5
11. d5 a6 12. a4 b6 13. Bd3 Re8 14. b3 Nf8 15. Be2 f5 16. exf5 Bxf5 17. Ne1 Nf6 18. Nd3 Ng6 19. Rc1 Bf8 20. Nb2 Nf4
21. Bf3 e4 22. Bxf4 exf3 23. Qxf3 Ne4 24. Rfe1 Nxc3 25. Qxc3 Be4 26. Rcd1 g6 27. Nc4 b5 28. axb5 axb5 29. Ne3 Bg7 30. Qd2 Ra2
31. f3 Bf5 32. Nxf5 Rxe1+ 33. Rxe1 gxf5 34. Qd3 Qf6 35. Kh1 Ra1 36. Rd1 Qc3 37. Qe2 Be5 38. Bxe5 Qxe5 39. Qf1 Ra8 40. Qxb5 Ra1
41. Qf1 Ra7 42. c4 Re7 43. h3 Qg3 44. Kg1 Re3 45. Rb1 Qe5 46. g4 Re2 47. f4 Qe3+ 48. Kh1 Rf2
0-1

[Event "French Defense Practice "]
[Site "SchemingMind.com"]
[Date "2010.10.08"]
[Round "-"]
[White "Will Grummitt"]
[Black "faulty"]
[Result "0-1"]
[WhiteCountry "ENG"]
[BlackCountry "USA"]
[WhiteElo "1694"]
[WhiteRD "55"]
[BlackElo "1853"]
[BlackRD "73"]
[GameID "262942"]

1. e4 e6 2. d4 g6 3. Nf3 Bg7 4. Nc3 d6 5. Bd3 Nc6 6. Be3 Nf6 7. O-O O-O 8. Qe2 Ng4 9. h3 Nxe3 10. Qxe3 Nb4
11. a3 Nxd3 12. Qxd3 b6 13. e5 Bb7 14. Rfe1 c5 15. dxc5 Bxf3 16. Qxf3 dxc5 17. Rad1 Qb8 18. Qe2 a6 19. f4 Rd8 20. Rxd8+ Qxd8
21. Rd1 Qh4 22. Qf2 Qe7 23. Qd2 f6 24. exf6 Bxf6 25. Qd6 b5 26. Qxe7 Bxe7 27. Ne4 Kf7 28. Rd7 Ke8 29. Rd2 Rd8 30. Rxd8+ Kxd8
31. Kf2 Kc7 32. Ke3 Kc6 33. b3 Kd5 34. c3 a5 35. Kd3 c4+ 36. bxc4+ bxc4+ 37. Ke3 a4 38. g3 h6 39. h4 Bxa3 40. Nf6+ Kc6
41. Kd2 Be7 42. Ng8 Bf8 43. Kc2 a3 44. Kb1 Kb5 45. Ka2 Ka4 46. Nf6 Bg7 47. Ne4 Bf8 48. Nd2 Kb5 49. Nf3 Bg7 50. Ne5 Bxe5
51. fxe5 Ka4 52. g4 g5 53. h5 Kb5 54. Kxa3 Kc5 55. Ka4 Kd5 56. Kb4 Kxe5 57. Kxc4 Kf4 58. Kb5 e5 59. c4 e4 60. c5 e3
61. c6 e2 62. c7 e1=Q 63. c8=Q Qe2+ 64. Kb4 Qxg4 65. Qc4+ Kg3 66. Qxg4+ Kxg4 67. Kc4 Kxh5 68. Kd3 Kg4 69. Ke2 Kg3 70. Kf1 Kh2
71. Kf2 g4 72. Kf1 g3 73. Ke1 g2 74. Ke2 g1=Q 75. Kd3 Qc5 76. Ke4 Kg3 77. Kd3 Kf3 78. Kd2 Qc4 79. Ke1 Qc2 80. Kf1 Qf2#
0-1

[Event "French Defense Practice "]
[Site "SchemingMind.com"]
[Date "2010.10.08"]
[Round "-"]
[White "PawnPusherPete"]
[Black "faulty"]
[Result "1-0"]
[WhiteCountry "ENG"]
[BlackCountry "USA"]
[WhiteElo "2264"]
[WhiteRD "77"]
[BlackElo "1841"]
[BlackRD "72"]
[GameID "262943"]

1. e4 e6 2. d4 d5 3. Nc3 dxe4 4. Nxe4 Nf6 5. Bg5 Be7 6. Bxf6 Bxf6 7. Nf3 Nc6 8. Bb5 Bd7 9. c3 O-O 10. O-O a6
11. Nxf6+ Qxf6 12. Bd3 Rad8 13. Re1 h6 14. Qe2 Rfe8 15. b4 Qf4 16. a4 Ne7 17. b5 axb5 18. axb5 c6 19. b6 Nd5 20. Qb2 Ra8
21. Ra7 Rab8 22. Ne5 Bc8 23. c4 Ne7 24. g3 Qg5 25. f4 Qf6 26. Ng4
1-0